Iterated limits for aggregation of randomized INAR(1) processes with Poisson innovations

Elmentve itt :
Bibliográfiai részletek
Szerzők: Barczy Mátyás
Nedényi Fanni
Pap Gyula
Dokumentumtípus: Cikk
Megjelent: Elsevier 2017
Sorozat:Journal of Mathematical Analysis and Applications 451 No. 1
doi:10.1016/j.jmaa.2017.02.031

mtmt:3189407
Online Access:http://publicatio.bibl.u-szeged.hu/10965
LEADER 00784nab a2200217 i 4500
001 publ10965
005 20190730115254.0
008 170307s2017 hu o 0|| zxx d
022 |a 0022-247X 
024 7 |a 10.1016/j.jmaa.2017.02.031  |2 doi 
024 7 |a 3189407  |2 mtmt 
040 |a SZTE Publicatio Repozitórium  |b hun 
041 |a zxx 
100 1 |a Barczy Mátyás 
245 1 0 |a Iterated limits for aggregation of randomized INAR(1) processes with Poisson innovations  |h [elektronikus dokumentum] /  |c  Barczy Mátyás 
260 |a Elsevier  |c 2017 
300 |a 524-543 
490 0 |a Journal of Mathematical Analysis and Applications  |v 451 No. 1 
700 0 1 |a Nedényi Fanni  |e aut 
700 0 1 |a Pap Gyula  |e aut 
856 4 0 |u http://publicatio.bibl.u-szeged.hu/10965/1/1509.05149.pdf  |z Dokumentum-elérés